000 01063nam a22002057a 4500
005 20250606150038.0
010 _aB-773241-254 25BACHN25
020 _a9789395247351
_c950.00
035 _aB-773241-254
037 _bस्टार पब्लिकेशन
082 _a
100 _aठाकुर, स्नेह
_981762
245 _aमरुतनंदन हनुमान/
_cस्नेह ठाकुर
250 _a1
260 _aनई दिल्ली
_bस्टार पब्लिकेशन
_c2024
270 _a4/5,B आसफ अली रोड,
_bनई दिल्ली
_e110002
300 _a566 पृ.
_c23 सेमी (सजिल्द)
942 _2ddc
_cHN
_h
_mठाकुर
999 _c210100
_d210100